| 000 | 00447nam a22001697a 4500 | ||
|---|---|---|---|
| 005 | 20260421112654.0 | ||
| 008 | 260421b |||||||| |||| 00| 0 eng d | ||
| 020 | _a978-1-915712-28-8 | ||
| 082 |
_a657 _bINT-I |
||
| 100 | _aInternational Accounting Standards Board | ||
| 245 | _aIFRS for SMEsĀ® Accounting Standard | ||
| 250 | _a3rd Ed | ||
| 260 |
_aLondon _bIFRS Foundation _c2025 |
||
| 300 | _a326 p. | ||
| 650 | _aAccounting | ||
| 942 | _cBK | ||
| 999 |
_c47360 _d47360 |
||